| 000 | 00688nam a2200265Ia 4500 | ||
|---|---|---|---|
| 008 | 190123s9999 xx 000 0 und d | ||
| 020 | _a9780545417310 | ||
| 050 | _bG199 2013 | ||
| 100 | _aGansworth, Eric | ||
| 245 | 0 | _aIf I ever get out of there / | |
| 245 | 0 | _cby Eric Gansworth. | |
| 260 | _aNew York, New York : | ||
| 260 | _bScholastic, | ||
| 260 | _c2013 | ||
| 300 | _a359 pages : | ||
| 300 | _bcolored illustrations ; | ||
| 300 | _c20cm. | ||
| 500 | _a870L | ||
| 650 | _aEthnic relations. | ||
| 650 | _aFamilies of military personnel. | ||
| 650 | _aIdentity (Psychology). | ||
| 650 | _aNew York (State). | ||
| 650 | _aTuscarora Indians. | ||
| 700 | _aTitle. | ||
| 999 |
_c361180 _d361180 |
||